[Event "Challenge"]
[Site "http://www.queenalice.com/game.php?id=151485"]
[Date "2007.1.8"]
[Round "-"]
[White "CLAYTO"]
[Black "mmazzini"]
[Result "0-1"]
[WhiteElo "1251"]
[BlackElo "1246"]

1. Nf3 d5 2. e3 h6 3. Bb5+ Bd7 4. Bd3 Nf6 5. Nc3 e6 6. Ne5 Nc6 7. Nf3 Bb4 8. Bb5
Bxc3 9. bxc3 O-O 10. Bxc6 Bxc6 11. Ne5 Bb5 0-1

[Event "AUTO-INT-309"]
[Site "http://www.queenalice.com/game.php?id=153390"]
[Date "2007.1.12"]
[Round "1"]
[White "CLAYTO"]
[Black "Archer"]
[Result "0-1"]
[WhiteElo "1432"]
[BlackElo "1458"]

1. d4 Nf6 2. Nf3 g6 3. e3 Ne4 4. Qe2 f5 5. Ne5 d5 6. Nd2 Na6 7. Qb5+ c6 8. Nxc6
bxc6 9. Qxc6+ Bd7 10. Qxa6 e6 11. Nxe4 dxe4 12. Bb5 Bb4+ 13. c3 Ba5 14. Qxe6+
Qe7 15. Qd5 Rd8 16. Bxd7+ Rxd7 17. Qxa5 O-O 18. Qa3 Qg5 19. g3 h5 20. Bd2 h4 0-1

[Event "AUTO-INT-309"]
[Site "http://www.queenalice.com/game.php?id=153391"]
[Date "2007.1.12"]
[Round "1"]
[White "Archer"]
[Black "CLAYTO"]
[Result "1-0"]
[WhiteElo "1473"]
[BlackElo "1395"]

1. Nc3 e6 2. Nf3 d6 3. d4 Nf6 4. e3 Bd7 5. Bc4 d5 6. Bd3 Bb4 7. O-O Ba5 8. Bd2
O-O 9. a3 Nc6 10. b4 Bb6 11. a4 Nxb4 12. a5 Nxd3 13. cxd3 Ng4 14. axb6 axb6 15.
Rb1 Ra3 16. Qc1 c6 17. Qxa3 b5 18. h3 Nf6 19. Qa7 Qc7 20. Ne2 Qb8 21. Qc5 1-0

[Event "AUTO-INT-315"]
[Site "http://www.queenalice.com/game.php?id=155339"]
[Date "2007.1.17"]
[Round "1"]
[White "CLAYTO"]
[Black "J_Ricardo"]
[Result "0-1"]
[WhiteElo "1267"]
[BlackElo "1505"]

1. Nf3 c5 2. e4 e6 3. d3 d5 4. e5 d4 5. Be2 b6 6. Ng5 Nh6 7. Bh5 g6 8. Bf3 Bg7
9. Bxa8 Bxe5 10. Nf3 Bg7 11. Ng5 O-O 12. O-O Nd7 13. Na3 Ba6 14. Bc6 Ne5 15. Be4
Qd7 16. b3 Bb7 17. Nc4 Bxe4 18. Nxe4 Nxc4 19. bxc4 Be5 20. Bxh6 Re8 21. Nf6+
Bxf6 0-1

[Event "AUTO-INT-315"]
[Site "http://www.queenalice.com/game.php?id=155340"]
[Date "2007.1.17"]
[Round "1"]
[White "J_Ricardo"]
[Black "CLAYTO"]
[Result "1-0"]
[WhiteElo "1498"]
[BlackElo "1276"]

1. e4 Nf6 2. e5 Nd5 3. Bc4 e6 4. Nf3 Nb6 5. Bb3 c5 6. d3 Nc6 7. O-O Nd4 8. Nxd4
cxd4 9. Bf4 Be7 10. Qg4 g6 11. Nd2 h5 12. Qg3 Bh4 13. Qf3 a5 14. g3 Be7 15. Ne4
a4 16. Bc4 Nxc4 17. dxc4 b6 18. a3 Ba6 19. Rad1 Bxc4 20. Rfe1 b5 21. Bg5 Bxg5
22. Rxd4 Rc8 23. h4 1-0

[Event "AUTO-INT-315"]
[Site "http://www.queenalice.com/game.php?id=155341"]
[Date "2007.1.17"]
[Round "1"]
[White "CLAYTO"]
[Black "tehan"]
[Result "0-1"]
[WhiteElo "1420"]
[BlackElo "1787"]

1. Nc3 c5 2. e4 Nc6 3. Bc4 Nf6 4. Nf3 d6 5. Ng5 e6 6. d3 a6 7. Ne2 h6 8. Nf3 Bd7
9. Be3 Be7 10. O-O O-O 11. c3 Qc7 12. d4 cxd4 13. cxd4 Nxe4 14. d5 exd5 15. Bxd5
Nf6 16. Bxc6 Bxc6 17. Rc1 Qa5 18. a3 Bxf3 19. gxf3 Qh5 20. Ng3 Qb5 21. Rc7 Rfe8
22. Qc2 Nd5 23. Rc4 Bf6 24. Nf5 Nxe3 25. fxe3 Qxb2 26. Nxd6 Qxc2 27. Rxc2 Rxe3
28. Rc8+ Rxc8 29. Nxc8 Rxa3 30. Nd6 b5 31. Re1 b4 32. Re8+ Kh7 33. Nxf7 b3 34.
Rh8+ Kg6 35. Nxh6 gxh6 36. Rb8 b2 0-1

[Event "AUTO-INT-315"]
[Site "http://www.queenalice.com/game.php?id=155342"]
[Date "2007.1.17"]
[Round "1"]
[White "tehan"]
[Black "CLAYTO"]
[Result "1-0"]
[WhiteElo "1907"]
[BlackElo "1251"]

1. e4 Nf6 2. Nc3 e5 3. Nf3 d6 4. h3 Nc6 5. Bc4 Qd7 6. Ng5 Nd8 7. O-O h6 8. Nf3
a6 9. d3 c6 10. a3 Be7 11. Be3 d5 12. Bb3 d4 13. Nxe5 Qd6 14. Nc4 Qd7 15. Nb6
Qd6 16. Nxa8 dxe3 17. fxe3 Bxh3 18. Qf3 Bg4 19. Qf4 g5 20. Qxd6 Bxd6 21. Rxf6
Ke7 22. Rf2 Ne6 23. Nb6 Rf8 24. Nc4 Bg3 25. Rff1 h5 26. Nd1 h4 27. Nf2 Be2 28.
Rfe1 Bh5 29. Nd2 Be5 30. d4 Bg3 31. Nf1 Nc5 32. dxc5 Rd8 33. Nxg3 hxg3 34. Nd3
Bg6 35. Ne5 Bh7 36. Nxf7 Rf8 37. Nxg5 Bg8 38. Bxg8 Rxg8 39. Nh3 Ke6 40. Rad1 Ke5
41. Rd7 Rg4 42. Rxb7 Kxe4 43. Rb6 Kd5 44. Nf4+ Kxc5 45. Rxa6 1-0